00317pab a2200121 454500008004000000100002100040245005100061260000900112300001300121362000800134650002000142773003300162180718b1997 xxu||||| |||| 00| 0 eng d aSharp, Elaine B. aA comparative anatomy of urban social conflict c1997 ap.261-80 aJun aUrban sociology aPolitical Research Quarterly